Equipamiento sanitario instalaciones sanitarias en interiores / (Registro nro. 3557)
[ vista simple ]
| 000 -LEADER | |
|---|---|
| fixed length control field | 00899nam a2200229Ia 4500 |
| 003 - CONTROL NUMBER IDENTIFIER | |
| control field | PE SENCICO BE |
| 005 - DATE AND TIME OF LATEST TRANSACTION | |
| control field | 20260219153930.0 |
| 008 - FIXED-LENGTH DATA ELEMENTS--GENERAL INFORMATION | |
| fixed length control field | 200515s9999 xx 000 0 und d |
| 040 ## - CATALOGING SOURCE | |
| Original cataloging agency | PE SENCICO BE |
| Transcribing agency | PE SENCICO BE |
| 041 ## - LANGUAGE CODE | |
| Language code of text/sound track or separate title | spa |
| 082 ## - DEWEY DECIMAL CLASSIFICATION NUMBER | |
| Classification number | 696.18 |
| Item number | I5 1990 |
| 110 1# - MAIN ENTRY--CORPORATE NAME | |
| Corporate name or jurisdiction name as entry element | Instituto Nacional de Investigación y Normalización de la Vivienda |
| 9 (RLIN) | 117 |
| 245 #0 - TITLE STATEMENT | |
| Title | Equipamiento sanitario instalaciones sanitarias en interiores / |
| Statement of responsibility, etc. | Instituto Nacional de Investigación de Normalización de la Vivienda |
| 250 ## - EDITION STATEMENT | |
| Edition statement | 3a ed. |
| 260 ## - PUBLICATION, DISTRIBUTION, ETC. | |
| Place of publication, distribution, etc. | Lima : |
| Name of publisher, distributor, etc. | Makers editores ; |
| Date of publication, distribution, etc. | 1990 |
| 300 ## - PHYSICAL DESCRIPTION | |
| Extent | 53 páginas : |
| Other physical details | ilustraciones, tablas, gráficos ; |
| Dimensions | 30 cm. |
| 505 0# - FORMATTED CONTENTS NOTE | |
| Formatted contents note | Equipamiento sanitario: aparatos y accesorios de baño -- Instalaciones sanitarias |
| 650 10 - SUBJECT ADDED ENTRY--TOPICAL TERM | |
| Topical term or geographic name entry element | Instalaciones sanitarias |
| 9 (RLIN) | 332 |
| 650 2# - SUBJECT ADDED ENTRY--TOPICAL TERM | |
| Topical term or geographic name entry element | PUB ININVI |
| 700 1# - ADDED ENTRY--PERSONAL NAME | |
| Personal name | Castillo Anselmi, Luis |
| 9 (RLIN) | 118 |
| Relator term | revisor |
| 942 ## - ADDED ENTRY ELEMENTS (KOHA) | |
| Koha item type | Libros |
| Source of classification or shelving scheme | Dewey Decimal Classification |
| Fecha de la última vez que lo usaron | Número de ingreso o de inventario | Pago total | Signatura topográfica completa | Código de barras | Número de ejemplar | Precio efectivo desde | Tipo de documento | Estado perdido | Sistema de clasificación | Estado dañado | No es para préstamo | Retirado | Ubicación permanente | Ubicación actual | Fecha de adquisición | Restricciones de uso |
|---|---|---|---|---|---|---|---|---|---|---|---|---|---|---|---|---|
| 27/11/2025 | 696.18/I5/1990 | BibZareq25112600 | 27/11/2025 | Libros | Dewey Decimal Classification | Biblioteca Arequipa | Biblioteca Arequipa | 27/11/2025 | ||||||||
| 27/11/2025 | 696.18/I5/1990/ej. 2 | BibZareq25112601 | 2 | 27/11/2025 | Libros | Dewey Decimal Classification | Biblioteca Arequipa | Biblioteca Arequipa | 27/11/2025 | |||||||
| 15/05/2020 | 3369 | 696.18/I5/1990/ej. 2 | BibLima25112598 | 2 | 15/05/2020 | Libros | Dewey Decimal Classification | Biblioteca Central Lima | Biblioteca Central Lima | 15/05/2020 | ||||||
| 27/11/2025 | 696.18/I5/1990 | BibLima25112599 | 27/11/2025 | Libros | Dewey Decimal Classification | Biblioteca Central Lima | Biblioteca Central Lima | 27/11/2025 | Solo para lectura en sala | |||||||
| 01/12/2025 | 12144 | 698.18/I5/1990/ej. 3 | BibLima25122513 | 3 | 01/12/2025 | Libros | Dewey Decimal Classification | Biblioteca Central Lima | Biblioteca Central Lima | 14/05/2002 |